Largest Canadian Provinces / U.S. States A-Z - Statistics

General Stats
  • This quiz has been taken 27 times
  • The average score is 19 of 22
Answer Stats
Hint Answer % Correct
Q Quebec
100%
C California
96%
T Texas
96%
Y Yukon
96%
F Florida
92%
I Illinois
92%
O Ontario
92%
B British Columbia
88%
H Hawaii
88%
P Pennsylvania
88%
U Utah
88%
G Georgia
83%
K Kentucky
83%
D Delaware
79%
L Louisiana
79%
N New York
79%
W Washington
79%
A Arizona
75%
M Michigan
75%
V Virginia
75%
R Rhode Island
71%
S South Carolina
71%
No matching quizzes found
Score Distribution
Percent of People with Each Score
Percentile by Number Answered
Your Score History
You have not taken this quiz